| 000 | 02755nam0a2200349 4500 | ||
|---|---|---|---|
| 001 | RU\NLR\BIBL_A\011765511 | ||
| 005 | 20180913154826.0 | ||
| 010 |
_a978-5-89971-639-3 _9300 |
||
| 021 |
_aRU _bКН-П-18-049854 _9КН-П-18-3595 |
||
| 035 | _a(NLR Aleph) 011765511 | ||
| 035 | _a(RuMoRGB)009683216 | ||
| 090 |
_a11699324 _c11699324 |
||
| 100 | _a20180808d2018 u y0rusy50 ca | ||
| 101 | 0 | _arus | |
| 102 | _aRU | ||
| 105 | _ay|||j|||000zy | ||
| 200 | 1 |
_aИсториография и источниковедение падения Римской империи _e(по материалам В.Т. Сиротенко) _eучебное пособие _e[для студентов исторического факультета АГПУ, изучающих курс "Источниковедение, историография и история падения Западной Римской империи и образования суверенных государств Европы в IV-VI вв. н.э."] _fМинистерство образования и науки Российской Федерации, Федеральное государственное бюджетное образовательное учреждение высшего образования "Армавирский государственный педагогический университет", Кафедра всеобщей и отечественной истории _g[составитель: Д.А. Волошин, кандидат исторических наук, доцент] _gпод редакцией профессора, доктора исторических наук С.Л. Дударева |
|
| 210 |
_aАрмавир _cАГПУ _d2018 |
||
| 215 |
_a82 с. _d20 |
||
| 320 | _aБиблиогр.: с. 79-82, в тексте и в подстроч. примеч. | ||
| 607 |
_aРим Древний _xИстория _z5 - 6 вв. _jИсточники и источниковедение _2nlr_sh2 _3RU\NLR\AUTH\661564094 |
||
| 686 | 1 | _aТ3(0)323.4,022.31,01 | |
| 702 | 1 |
_aВолошин _bД. А. _gДмитрий Алексеевич _4220 |
|
| 702 | 1 |
_aДударев _bС. Л. _f1951- _gСергей Леонидович _4340 |
|
| 702 | 1 |
_aСиротенко _bВ.Т. _f1915-2006 _gВасилий Трофимович _4570 |
|
| 712 | 0 | 2 |
_aАрмавирский государственный педагогический университет _bКафедра всеобщей и отечественной истории _3RU\NLR\AUTH\880434592 _4570 |
| 942 | _cBOOK | ||
| 980 | _aNBR | ||
| 980 | _aNB | ||